000
00286nam a22001337a 4500
008
170607b xxu||||| |||| 00| 0 eng d
020
_a
0878555730
041
_a
eng
080
_a
94
100
_a
18
101
_a
SHH
245
_a
PERUVIAN NATIONALISM
_c
CHAPLIN,D
942
_2
udc
_c
BK
999
_c
16328
_d
16328